000 02581nam0a2200373 4500
001 RU\NLR\BIBL_A\012410364
005 20201210143342.0
010 _a978-5-00078-295-8
_9500
021 _aRU
_bКН-П-20-048754
_9КН-П-20-3692
035 _a(NLR Aleph) 012410364
035 _a(RuMoRGB)010403421
090 _a11772523
_c11772523
100 _a20201124d2020 k y0rusy50 ca
101 0 _arus
_deng
102 _aRU
105 _ay z 000zy
181 0 _ai
_baxxe
182 0 _an
200 1 _aСовременные вопросы государства, права, юридического образования
_eсборник научных трудов по материалам XV Международной научно-практической конференции, 22 декабря 2019 г.
_fМинистерство науки и высшего образования Российской Федерации, Федеральное государственное бюджетное образовательное учреждение высшего образования "Тамбовский государственный университет им. Г. Р. Державина", Тамбовское региональное отделение Общероссийской общественной организации "Ассоциация юристов России"
_g[редакционная коллегия: О. В. Белянская, Н. С. Ельцов]
203 _aТекст
_bвизуальный
_cнепосредственный
210 _aТамбов
_cДержавинский
_d2020
215 _a455 с.
_cтабл.
_d21
300 _aРез. ст. англ.
320 _aБиблиогр. в конце ст.
606 1 _aПраво
_jСъезды, совещания и т.п
_2nlr_sh1
_2nlr_sh2
_3RU\NLR\AUTH\664055
686 1 _aХ.я431
702 1 _aБелянская
_bО. В.
_gОльга Викторовна
_4340
711 1 2 _a"Современные вопросы государства, права, юридического образования", международная научно-практическая конференция
_d15
_f2019
_eТамбов
_3RU\NLR\AUTH\880531605
712 0 2 _aТамбовский государственный университет им. Г. Р. Державина
_3RU\NLR\AUTH\889917219
_4557
942 _cBOOK
980 _aNBR
980 _aNB